000 00384 a2200157 4500
001 149342
040 _cEscola São Tomás de Aquino
100 _aBARROS, Sônia
240 1 0 _aO segredo da xícara cor de nuvem
_lpor
245 1 0 _aO segredo da xícara cor de nuvem
300 _a55
362 0 _a2009
440 1 _aModerna
697 _a*LITERATURA INFANTO JUVENIL
942 _cBK
999 _c149342
_d149342